THE PRINCE (Record no. 216645)

MARC details
000 -LEADER
fixed length control field 00473nam a22001697a 4500
008 - FIXED-LENGTH DATA ELEMENTS--GENERAL INFORMATION
fixed length control field 260225b |||||||| |||| 00| 0 eng d
020 ## - INTERNATIONAL STANDARD BOOK NUMBER
International Standard Book Number 978-0-486-27274-0
050 ## - LIBRARY OF CONGRESS CALL NUMBER
Classification number JC 143.M33 1992
100 ## - MAIN ENTRY--PERSONAL NAME
Personal name MACHIAVELLI NICCOLO
245 ## - TITLE STATEMENT
Title THE PRINCE
250 ## - EDITION STATEMENT
Edition statement DOVER THRIFT
260 ## - PUBLICATION, DISTRIBUTION, ETC.
Place of publication, distribution, etc. NEWYORK,
Name of publisher, distributor, etc. DOVER PUBLICATIONS,
Date of publication, distribution, etc. 1992,
300 ## - PHYSICAL DESCRIPTION
Extent X,71
650 ## - SUBJECT ADDED ENTRY
Topical term or geographic name entry element 1. Political science-Early works to 1800 2. Political ethics
942 ## - ADDED ENTRY ELEMENTS (KOHA)
Source of classification or shelving scheme Library of Congress Classification
Koha item type Long Loan Book
Holdings
Withdrawn status Lost status Source of classification or shelving scheme Damaged status Not for loan Collection Home library Current library Shelving location Date acquired Inventory number Total checkouts Full call number Barcode Date last seen Copy number Price effective from Koha item type
    Library of Congress Classification     Arts & Social Sciences Kisii University Library Kisii University Library On Display 02/25/2026 111041   JC 143 .M 33 1992 000000024098 02/25/2026 5 02/25/2026 Long Loan Book
    Library of Congress Classification     Arts & Social Sciences Kisii University Library Kisii University Library On Display 02/25/2026 111040   JC 143.M33 1992 000000024099 02/25/2026 4 02/25/2026 Long Loan Book
    Library of Congress Classification     Arts & Social Sciences Kisii University Library Kisii University Library On Display 02/25/2026 111039   JC 143.M33 1992 000000024080 02/25/2026 3 02/25/2026 Long Loan Book
    Library of Congress Classification     Arts & Social Sciences Kisii University Library Kisii University Library On Display 02/25/2026 111037   JC 143.M33 1992 000000024081 02/25/2026 1 02/25/2026 Long Loan Book
    Library of Congress Classification     Arts & Social Sciences Kisii University Library Kisii University Library On Display 02/25/2026 111038   JC 143.M33 1992 000000024082 02/25/2026 2 02/25/2026 Long Loan Book